<?xml version="1.0" encoding="UTF-8"?>
<collection xmlns="http://www.loc.gov/MARC21/slim">
 <record>
  <leader>01883nam a22002297a 4500</leader>
  <controlfield tag="001">NCT_22050</controlfield>
  <controlfield tag="008">171121b        xxu||||| |||| 00| 0 vie d</controlfield>
  <datafield tag="999" ind1=" " ind2=" ">
   <subfield code="c">1043</subfield>
   <subfield code="d">1043</subfield>
  </datafield>
  <datafield tag="020" ind1=" " ind2=" ">
   <subfield code="c">56000</subfield>
  </datafield>
  <datafield tag="082" ind1="0" ind2="4">
   <subfield code="2">23rd ed.</subfield>
   <subfield code="a">005.66</subfield>
   <subfield code="b">S312/T.1</subfield>
  </datafield>
  <datafield tag="100" ind1="1" ind2=" ">
   <subfield code="a">Nguyễn Trường Sinh</subfield>
   <subfield code="e">Chủ biên</subfield>
  </datafield>
  <datafield tag="245" ind1="1" ind2="0">
   <subfield code="a">Lập trình trò chơi với Flash :</subfield>
   <subfield code="b">(Tin học và đời sống)</subfield>
   <subfield code="n">Tập 1</subfield>
   <subfield code="c">Nguyễn Trường Sinh</subfield>
  </datafield>
  <datafield tag="260" ind1=" " ind2=" ">
   <subfield code="b">Phương Đông</subfield>
   <subfield code="c">2007</subfield>
  </datafield>
  <datafield tag="300" ind1=" " ind2=" ">
   <subfield code="a">215 tr</subfield>
   <subfield code="b">Ảnh minh họa</subfield>
   <subfield code="c">24 cm</subfield>
   <subfield code="e">Kèm CD</subfield>
  </datafield>
  <datafield tag="520" ind1="3" ind2=" ">
   <subfield code="a">Trong cuốn sách này, bạn sẽ tìm hiểu cách xây dựng nhiều loại trò chơi khác nhau: trò chơi toán học, trò chơi cơ bản với trái bóng, tạo quái vật... Sách chia làm hai tập: Tập 1 bao gồm các chương từ Chương 1 tới Chương 8, Tập 2 từ Chương 9 tới Chương 15. Để thuận tiện cho bạn đọc, một số ví dụ minh họa và mã lệnh đã được lưu sẵn trong đĩa CD Bài tập kèm theo.</subfield>
  </datafield>
  <datafield tag="653" ind1=" " ind2=" ">
   <subfield code="a">Công nghệ thông tin</subfield>
  </datafield>
  <datafield tag="942" ind1=" " ind2=" ">
   <subfield code="2">ddc</subfield>
   <subfield code="c">BK</subfield>
  </datafield>
  <datafield tag="952" ind1=" " ind2=" ">
   <subfield code="0">0</subfield>
   <subfield code="1">0</subfield>
   <subfield code="2">ddc</subfield>
   <subfield code="4">0</subfield>
   <subfield code="6">005_660000000000000_S312_T_1</subfield>
   <subfield code="7">0</subfield>
   <subfield code="9">13173</subfield>
   <subfield code="a">000001</subfield>
   <subfield code="b">000001</subfield>
   <subfield code="d">2018-08-09</subfield>
   <subfield code="l">1</subfield>
   <subfield code="o">005.66 S312/T.1</subfield>
   <subfield code="p">MD.02047</subfield>
   <subfield code="r">2019-11-29</subfield>
   <subfield code="s">2019-11-15</subfield>
   <subfield code="v">56000.00</subfield>
   <subfield code="w">2018-08-09</subfield>
   <subfield code="y">BK</subfield>
  </datafield>
  <datafield tag="952" ind1=" " ind2=" ">
   <subfield code="0">0</subfield>
   <subfield code="1">0</subfield>
   <subfield code="2">ddc</subfield>
   <subfield code="4">0</subfield>
   <subfield code="6">005_660000000000000_S312_T_1</subfield>
   <subfield code="7">0</subfield>
   <subfield code="9">13174</subfield>
   <subfield code="a">000001</subfield>
   <subfield code="b">000001</subfield>
   <subfield code="d">2018-08-09</subfield>
   <subfield code="o">005.66 S312/T.1</subfield>
   <subfield code="p">MD.02048</subfield>
   <subfield code="r">2018-08-09</subfield>
   <subfield code="v">56000.00</subfield>
   <subfield code="w">2018-08-09</subfield>
   <subfield code="y">BK</subfield>
  </datafield>
  <datafield tag="952" ind1=" " ind2=" ">
   <subfield code="0">0</subfield>
   <subfield code="1">0</subfield>
   <subfield code="2">ddc</subfield>
   <subfield code="4">0</subfield>
   <subfield code="6">005_660000000000000_S312_T_1</subfield>
   <subfield code="7">0</subfield>
   <subfield code="9">13175</subfield>
   <subfield code="a">000001</subfield>
   <subfield code="b">000001</subfield>
   <subfield code="d">2018-08-09</subfield>
   <subfield code="o">005.66 S312/T.1</subfield>
   <subfield code="p">MD.02049</subfield>
   <subfield code="r">2018-08-09</subfield>
   <subfield code="v">56000.00</subfield>
   <subfield code="w">2018-08-09</subfield>
   <subfield code="y">BK</subfield>
  </datafield>
  <datafield tag="952" ind1=" " ind2=" ">
   <subfield code="0">0</subfield>
   <subfield code="1">0</subfield>
   <subfield code="2">ddc</subfield>
   <subfield code="4">0</subfield>
   <subfield code="6">005_660000000000000_S312_T_1</subfield>
   <subfield code="7">0</subfield>
   <subfield code="9">13176</subfield>
   <subfield code="a">000001</subfield>
   <subfield code="b">000001</subfield>
   <subfield code="d">2018-08-09</subfield>
   <subfield code="l">2</subfield>
   <subfield code="o">005.66 S312/T.1</subfield>
   <subfield code="p">MD.02054</subfield>
   <subfield code="r">2019-10-21</subfield>
   <subfield code="s">2019-10-03</subfield>
   <subfield code="v">56000.00</subfield>
   <subfield code="w">2018-08-09</subfield>
   <subfield code="y">BK</subfield>
  </datafield>
  <datafield tag="980" ind1=" " ind2=" ">
   <subfield code="a">Thư viện Trường Đại học Nam Cần Thơ</subfield>
  </datafield>
 </record>
</collection>
